El gobierno de Allende y la guerra fría interamericana

Uloženo v:
Podrobná bibliografie
Hlavní autor: Harmer, Tanya (Autor)
Médium: Kniha
Jazyk:španělština
Vydáno: Santiago Ediciones Universidad Diego Portales 2013
Vydání:1a. ed
Témata:
Tagy: Přidat tag
Žádné tagy, Buďte první, kdo vytvoří štítek k tomuto záznamu!

MARC

LEADER 00000cam a2200000 a 4500
001 UCF9796
003 CL-VaPUC
008 131213e20130000cl |||||||||||||||||spa|d
020 |a 9789563142358 
082 0 4 |a 983.0646  |b HAR  |2 21 
100 |a Harmer, Tanya  |e author  |9 578980 
245 1 3 |a El gobierno de Allende y la guerra fría interamericana 
250 |a 1a. ed 
300 |a 382 p 
942 |c BK 
945 |d 20131213 11:12:00  |a dcastane 
260 |a Santiago  |b Ediciones Universidad Diego Portales  |c 2013 
650 0 |a Historia de Chile siglo 20  |9 268145 
650 0 |a Golpe de estado  |9 264543 
650 0 |a Guerra Fría   |9 319648 
583 |a last modification  |c 20131213 11:12:00  |k Rodrigo Vera 
999 |c 354206  |d 354204 
952 |0 0  |1 0  |3 erb  |4 0  |6 983_064600000000000_HAR_2013  |7 0  |8 A  |9 459892  |a BIBHIS  |b BIBHIS  |i 5033551  |l 9  |m 2  |o 983.0646 HAR 2013  |p 5033551  |r 2025-01-20  |s 2023-10-30  |w 2019-11-23  |y BK  |z Catalogado en:20131213  |k HIS 
952 |0 0  |1 0  |3 erb  |4 0  |6 983_064600000000000_HAR_2013  |7 0  |8 A  |9 459893  |a BIBHIS  |b BIBHIS  |i 503356K  |l 3  |o 983.0646 HAR 2013  |p 503356K  |r 2025-03-17  |s 2025-03-17  |w 2019-11-23  |y BK  |z Catalogado en:20131213  |k HIS 
952 |0 0  |1 0  |3 erb  |4 0  |6 983_064600000000000_HAR_2013  |7 0  |8 A  |9 459894  |a BIBHIS  |b BIBHIS  |i 5038073  |l 3  |o 983.0646 HAR 2013  |p 5038073  |r 2025-01-20  |s 2022-04-25  |w 2019-11-23  |y BK  |z Catalogado en:20131227  |k HIS